MODALS & SENTENCE (Record no. 3852)
[ view plain ]
| 000 -LEADER | |
|---|---|
| fixed length control field | 00297nam a22001337a 4500 |
| 020 ## - INTERNATIONAL STANDARD BOOK NUMBER | |
| ISBN | 81-7302-340-9 |
| 082 ## - DEWEY DECIMAL CLASSIFICATION NUMBER | |
| Classification number | 425 |
| Item number | SHA/M |
| 100 ## - MAIN ENTRY--AUTHOR NAME | |
| Personal name | SHARMA,S.L.N |
| 245 ## - TITLE STATEMENT | |
| Title | MODALS & SENTENCE |
| 260 ## - PUBLICATION, DISTRIBUTION, ETC. (IMPRINT) | |
| Place of publication | BANGALORE |
| Name of publisher | NAVAKARNATAKA |
| 300 ## - PHYSICAL DESCRIPTION | |
| Number of Pages | 40 |
| 650 ## - SUBJECT ADDED ENTRY--TOPICAL TERM | |
| Topical Term | MODALS & SENTENCE |
| Geographic subdivision | KARNATAKA |
| 942 ## - ADDED ENTRY ELEMENTS (KOHA) | |
| Koha item type | Books |
| Withdrawn status | Lost status | Collection code | Home library | Current library | Shelving location | Date acquired | Source of acquisition | Full call number | Accession Number | Koha item type |
|---|---|---|---|---|---|---|---|---|---|---|
| Reference | Main Library | Main Library | SHELF-16C -ENGLISH GRAMMAR SYNONYMS7ANTONYMS,LETTERS, ETC | 02/10/2006 | PURCHASE | 425 SHA/M | 00817 | Books |